00162nam a2200061Ia 4500008004100000100001600041245004300057120527s9999 xx 000 0 und d aLAWAL, M.I. aEstate development practice in Nigeria